000
00225nam a2200085Ia 4500
245
0
_a
Minty and Tink
100
_a
Chichester Clark, Emma London, 2009
_9
79970
942
_c
BK
008
210818s9999 xx 000 0 und d
999
_c
453214
_d
453213